Little mermaid (The) : (Record no. 111568)
[ view plain ]
| 000 -LEADER | |
|---|---|
| fixed length control field | 00445nam a2200169 a 4500 |
| 001 - CONTROL NUMBER | |
| control field | 3238 |
| 005 - DATE AND TIME OF LATEST TRANSACTION | |
| control field | 20140414131918.0 |
| 008 - FIXED-LENGTH DATA ELEMENTS--GENERAL INFORMATION | |
| fixed length control field | 040129s19uu xx 00 eng d |
| 020 ## - INTERNATIONAL STANDARD BOOK NUMBER | |
| International Standard Book Number | 0-307-00105-9 |
| 050 ## - LIBRARY OF CONGRESS CALL NUMBER | |
| Classification number | ER |
| Item number | L72 1989 |
| 100 ## - MAIN ENTRY--PERSONAL NAME | |
| Personal name | Teitelbaum, Michael |
| 245 ## - TITLE STATEMENT | |
| Title | Little mermaid (The) : |
| Remainder of title | Ariel's underwater / |
| Statement of responsibility, etc | Michael Teitelbaum. |
| 260 ## - PUBLICATION, DISTRIBUTION, ETC. (IMPRINT) | |
| Place of publication, distribution, etc | U.S.A : |
| Name of publisher, distributor, etc | Golden, |
| Date of publication, distribution, etc | 1989. |
| 300 ## - PHYSICAL DESCRIPTION | |
| Extent | p. ; cm. |
| Withdrawn status | Lost status | Damaged status | Home library | Current library | Shelving location | Date acquired | Source of acquisition | Total Checkouts | Full call number | Barcode | Date last seen | Price effective from | Koha item type |
|---|---|---|---|---|---|---|---|---|---|---|---|---|---|
| Munich Library | Munich Library | Easy Reading Section | 01/29/2004 | ER L72 1989 | M2362 | 04/14/2014 | 04/14/2014 | Books | |||||
| Munich Library | Munich Library | Easy Reading Section | 10/13/2006 | ER L72 1989 | M2361 | 04/14/2014 | 04/14/2014 | Books |